000 00754nam a2200205Ii 4500
003 JO-AjNU
008 230605s9999||||xx |||||||||||||| ||und||
040 _aJO-AjNU
_bara
_erda
_cJO-AjNU
041 _aara
050 1 4 _aGV461.S522 1986
100 3 _aاعداد شحاتة، احمد ابراهيم، م.مشارك الشاذلي، احمد فؤاد,
_eauthor
_913691
245 0 0 _aالأساليب الحديثة في تدريب الجمباز والحركات الأرضية
250 _aط2
264 3 1 _aمصر: دار المعارف، 1986
300 _a121ص
336 _atext
_btxt
_2rdacontent
337 _aunmediated
_bn
_2rdamedia
338 _avolume
_bnc
_2rdacarrier
650 4 _aالجمباز - الحركات الرياضية
_913692
999 _aA3474
_c7042
_d7042